000 00485nam a2200181Ia 4500
001 5098
005 20260306145843.0
008 260306t2017||||xx |||||||||||||| ||spa||
041 _aESP
082 _a332.82
_bC221
100 _aCcaccya Bautista, Diana Angélica
_eAUT
245 0 _aLas tasas de interés:
_bmarco económico-normativo y aplicaciones prácticas
260 _c2017
300 _a61 páginas :
_c24 cm.
650 _aGEN
654 _aCAN
942 _cLIB
_dJUS
_fJUS
_2ddc
_n
999 _c5098
_d5098